Представление документа в формате RUSMARC

ПолеНазваниеЗначение
  Тип записи a
  Библиографический уровень m
001 Контрольный номер RU/УОНБ/EK_INO/400422201
005 Дата корректировки 20241101134517.5
010 Индекс ISBN __
b Уточнения в пер.
100 Данные общей обработки __
a Данные общей обработки 20120908d1921 u y0gery018901 ba
101 Язык документа 0_
a Язык текста ger
102 Страна публикации __
a Страна публикации DE
105 Кодированные данные (монография) __
a Кодированные данные (монография) a z 000yy
200 Заглавие и сведения об ответственности 1_
a Заглавие Kunst der Renaissance
f Первые сведения об ответственности Dr. Konrad Escher
210 Выходные данные __
d Дата издания [S. a.]
215 Физическое описание __
a Объем 112, [12] S.
c Иллюстрации/тип воспроизводства [6] Taf., Ill.
300 Общие примечания __
a Общие примечания Бумажный ярлык: "Alfred Lorentz Leipzig Buchhandlung u. Antiquariat." (верх. форз. л.)
461 Уровень набора _0
1 001RU/УОНБ/EK_INO/400419914
1 200
a Die sechs Bucher der Kunst
f hrsg. von A. E. Brinckmann
v Buch 4
1 210
a Wildpark-Potsdam
c Akademische Verlagsanstalt Athenaion m.b.H.
d [S. a.]
606 Тематические рубрики 0_
a Основная рубрика Ренессанс
x Основная подрубрика Искусство
610 Ключевые слова 0_
a Ключевые слова Ренессанс
610 Ключевые слова 0_
a Ключевые слова античная живопись
686 Индексы других классификаций __
a Классификационный индекс 85.14 Нем
2 Код системы rubbk
700 Автор _1
a Фамилия Escher
b Имя (инициалы) K.
c Титул (звания) Dr.
g Полное личное имя Konrad
801 Источник записи _0
a Страна RU
b Организация Ульяновская ОНБ
c Дата составления 20120908
g Правила каталогизации RCR
801 Источник записи _1
a Страна RU
b Организация Ульяновская ОНБ
c Дата составления 20120908
g Правила каталогизации RCR
901 Тип документа __
t Тип документа n
w Контрольный № источника RU/УОНБ/EK_INO/400419914
909 Создатель записи __
a Создатель записи Рязанова
938 Служебная информация __
a Имя БД ino
b Имя библиотеки УОНБ
c Имя АИБС МАРК-SQL
d Номер DOC_ID в БД 9313